|
|
|
|
| LEADER |
01820nam a2200469 a 4500 |
| 001 |
EBC3050580 |
| 003 |
MiAaPQ |
| 005 |
20200520144314.0 |
| 006 |
m o d | |
| 007 |
cr cn||||||||| |
| 008 |
030718s2003 enka sb o001 0 eng d |
| 010 |
|
|
|z 2003050076
|
| 015 |
|
|
|a GBA3-52955
|
| 016 |
7 |
|
|a 0821350714
|2 Uk
|
| 020 |
|
|
|z 0821350714(pbk.)
|
| 035 |
|
|
|a (MiAaPQ)EBC3050580
|
| 035 |
|
|
|a (Au-PeEL)EBL3050580
|
| 035 |
|
|
|a (CaPaEBR)ebr10040036
|
| 035 |
|
|
|a (CaONFJC)MIL8644
|
| 035 |
|
|
|a (OCoLC)53971334
|
| 040 |
|
|
|a MiAaPQ
|c MiAaPQ
|d MiAaPQ
|
| 050 |
|
4 |
|a HD1251
|b .D45 2003
|
| 082 |
0 |
4 |
|a 333.0091724
|2 21
|
| 100 |
1 |
|
|a Deininger, Klaus W.,
|d 1962-
|
| 245 |
1 |
0 |
|a Land policies for growth and poverty reduction
|h [electronic resource] /
|c Klaus Deininger.
|
| 260 |
|
|
|a Washington, D.C. :
|b World Bank ;
|a Oxford :
|b Oxford University Press,
|c c2003.
|
| 300 |
|
|
|a xlvi, 239 p. :
|b ill.
|
| 490 |
1 |
|
|a A World Bank policy research report
|
| 504 |
|
|
|a Includes bibliographical references and index.
|
| 533 |
|
|
|a Electronic reproduction. Ann Arbor, MI : ProQuest, 2015. Available via World Wide Web. Access may be limited to ProQuest affiliated libraries.
|
| 650 |
|
0 |
|a Land tenure
|z Developing countries.
|
| 650 |
|
0 |
|a Land use
|x Government policy
|z Developing countries.
|
| 650 |
|
0 |
|a Land reform
|z Developing countries.
|
| 650 |
|
0 |
|a Farm ownership
|z Developing countries.
|
| 650 |
|
0 |
|a Right of property
|z Developing countries.
|
| 650 |
|
0 |
|a Rural poor
|z Developing countries.
|
| 650 |
|
0 |
|a Poverty
|z Developing countries.
|
| 651 |
|
0 |
|a Developing countries
|x Economic conditions.
|
| 655 |
|
4 |
|a Electronic books.
|
| 710 |
2 |
|
|a ProQuest (Firm)
|
| 830 |
|
0 |
|a World Bank policy research report.
|
| 856 |
4 |
0 |
|u https://ebookcentral.proquest.com/lib/matrademy/detail.action?docID=3050580
|z Click to View
|